Statistics for Countries, US States, Capitals, Elements, 100 Most Common Words: 5 Letters Long

Click here to take the quiz!

General Stats

  • This quiz has been taken 1,358 times
    (360 since last reset)
  • The average score is 42 of 66

Answer Stats

ANSWER % Correct
Maine
86%
Japan
84%
Idaho
84%
Chile
82%
Paris
81%
China
81%
Nauru
80%
Spain
79%
Palau
77%
Italy
77%
Yemen
77%
Tokyo
76%
Tonga
75%
Benin
74%
Samoa
74%
Cairo
73%
Texas
73%
Egypt
73%
Boron
73%
Qatar
72%
Xenon
71%
Tunis
71%
Quito
70%
Argon
70%
Gabon
70%
India
70%
Radon
69%
Nepal
68%
Niger
68%
Accra
67%
Syria
67%
Rabat
67%
Ghana
67%
Amman
67%
Libya
67%
Kenya
67%
Dhaka
66%
Sudan
64%
Abuja
64%
There
63%
Dakar
62%
Minsk
61%
Malta
61%
Haiti
61%
Sana'a
58%
Hanoi
58%
These
57%
Boise
56%
Seoul
55%
Their
53%
About
53%
La Paz or Sucre
52%
Sofia
52%
Yaren
52%
Salem
51%
Praia
49%
Kabul
49%
Vaduz
49%
Which
44%
Dover
43%
Could
39%
After
39%
Would
38%
Think
31%
Other
18%
First
17%

Score Distribution

Percentile by Number Answered

Percent of People with Each Score

Your Score History

You have not taken this quiz since the last reset